Name one city that... # 14 - Statistics

General Stats
  • This quiz has been taken 74 times
  • The average score is 16 of 20
Answer Stats
Name one city that... City % Correct
Is one of the 5 most populous cities in the US State of Florida Jacksonville | Miami | Orlando | Saint Petersburg | Tampa
94%
Is a city with more than 1 million inhabitants and less than 3000 km from Perth, Australia Adelaide | Bandung | Jakarta | Makassar | Melbourne | Semarang | Surabaya
92%
Is mentioned on one of the first 100 Jetpunk 'Interesting Facts' Atlantic City | Bethlehem | Moscow | Nazareth | New York City | Paris
91%
Is the most populous capital city in its continent (both Americas count as 1 continent) Beijing | Cairo | Canberra | Mexico City | Moscow
91%
Is located on an island and has hosted the Eurovision Song Contest Birmingham | Brighton | Copenhagen | Dublin | Edinburgh | Harrogate | London | Millstreet
91%
Is a coastal city in the Arabian Peninsula and has over a million inhabitants Abu Dhabi | Dubai | Jeddah
89%
Is the capital of an African island nation Antananarivo | Moroni | Port Louis | Praia | São Tomé | Victoria
89%
Was one of the 5 biggest cities in Europe in the year 1500 Constantinople (Istanbul) | Ghent | Naples | Paris | Venice
89%
Had the tallest building in the world at some point in the 21st century Dubai | Kuala Lumpur | Taipei
89%
Is the biggest coastal city in each Central American country Acajutla | Belize City | La Ceiba | Panama City | Puerto Barrios | Puerto Cabezas | Puntarenas
86%
Is the least populous capital city in its continent (both Americas count as 1 continent) Bandar Seri Begawan | Ngerulmud | Saint George's | Vatican City | Victoria
82%
Is one of the 5 largest cities in the Biritsh Commonwealth Dakha.| Delhi | Karachi | Lagos | Mumbai
80%
Is the largest city whose name starts with one of the vowels Ahmedabad | Ecatepec de Morelos | Istanbul | Osaka | Ürümqi
76%
Is the capital city of one of the four countries that make up the Visegrád group Bratislava | Budapest | Prague | Warsaw
71%
Is a Spanish city starting with 'Al' and has more than 100 000 inhabitantans Albacete | Alcalá de Henares | Alcobendas | Alcorcón | Algeciras | Alicante | Almería
65%
Is the de facto capital of a UN observer state Ramallah | Vatican City
64%
Has a monorail line with more than 10 stations which opened before the year 2000 Chiba | Detroit | Kitakyushu | Osaka | Tokyo | Wuppertal
62%
Was the capital of the Kingdom of Portugal at some point (excluding Lisbon) Angra do Heroísmo | Coimbra | Guimarães | Rio de Janeiro
56%
Is a suburb of Paris with more than 100 000 inhabitants Argenteuil | Boulogne-Billancourt | Montreuil | Saint-Denis
53%
Is one of the 5 biggest cities in Sumatra Island Bandar Lampung | Medan | Padang | Palembang | Pekanbaru
39%
No matching quizzes found
Score Distribution
Percent of People with Each Score
Percentile by Number Answered
Your Score History
You have not taken this quiz